000 00222nam a2200097Ia 4500
005 20251222120158.0
008 251222s1900||||xx |||||||||||||| ||spa||
082 _aDVD0070/V28/2003
245 0 _aElephant:Elefante
942 _cDVD
999 _c2317
_d2317